| 000 | 02222cam a22004814i 4500 | ||
|---|---|---|---|
| 003 | PE-LiUPU | ||
| 005 | 20250731184542.0 | ||
| 008 | 150623s1950 xxka rb 001 0 spa d | ||
| 035 | _a(Sirsi) a25755 | ||
| 040 |
_aPE-LiUPU _bspa _cPE-LiUPU _erda |
||
| 082 | 0 | 4 |
_a920 _bB16 _221 |
| 100 | 1 |
_aBainton, Roland Herbert, _d1894-, _eautor. |
|
| 245 | 1 | 0 |
_aHere I Stand : _ba life of Martín Luther / _cRoland Herbert Bainton. |
| 264 | 1 |
_aLondon : _bNew American Library, _c1950. |
|
| 300 |
_a336 páginas : _bilustraciones, gráficos ; _c18 centímetros |
||
| 336 |
_atext _2rdacontent |
||
| 337 |
_aunmediated _2rdamedia |
||
| 338 |
_avolume _2rdacarrier |
||
| 504 | _aBibliografía : páginas 303-314. | ||
| 504 | _aÍndices: páginas 327-336. | ||
| 504 | _aReferencia: páginas 315-324. | ||
| 505 | 0 | _aThe vow. The cloister. The gospel. The onslaught. The son of iniquity. The saxon Hus. The german Hercules. The wild boar in the vineyard. The appeal to caesar. Here i stand. My Patmos. The return of the exile. No other foundation. Rebuilding the walls. The middle way. Behemoth, leviathan, and the great waters. The school for character. The church territorial. The church tutorial. The church ministerial. The struggle for faith. The measures of the man. | |
| 526 | _aP136 | ||
| 526 | _aP135 | ||
| 526 | _aP134 | ||
| 526 | _aP133 | ||
| 526 | _aP144 | ||
| 526 | _aP143 | ||
| 526 | _aP87 | ||
| 526 | _aP35 | ||
| 526 | _aP20 | ||
| 526 | _aP14 | ||
| 526 | _aP10 | ||
| 526 | _aP06 | ||
| 600 | 1 |
_aLutero, Martín. _d1483-1546 _91490 |
|
| 942 |
_2ddc _cBOOK |
||
| 949 |
_a920 B16 _wDEWEY _c1 _i51024 _lCCODEBUL1 _mBUL _p5.00 _r0 _sY _tBOOK _u2015-06-24 _xTEOLOGIA _PP35 _0DONACIÓN _o.STAFF. Colección General |
||
| 596 | _a1 | ||
| 999 |
_a920 B16 _wDEWEY _c32711 _i51024 _f2021-11-12 _g5 _lCCODEBUL1 _mBUL _p5.00 _r0 _sY _tBOOK _u2015-6-24 _xTEOLOGIA _PP35 _0COMPRA _o.STAFF. Colección General _d32711 |
||
| 999 |
_a920 B16 _wDEWEY _c2 _i75805 _d2019-8-21 _f2021-11-11 _g4 _lCCODEBUL1 _mBUL _p5.00 _q1 _r0 _sY _tBOOK _u2017-5-8 _xTEOLOGIA _PP35 _0COMPRA _o.STAFF. Colección Teología |
||
| 980 |
_81 _gALBERTO SANCHEZ Responsable de Automatización |
||